000 00621nam a2200193Ia 4500
003 GCL
008 140319s9999 xx 000 0 ara d
040 _aGCL /
_cGCL
082 0 4 _a794.1
_bع ق
100 1 _aعبدالرحمن محفوظ محمد
245 1 0 _aالقمة فى نهايات ادوار الشطرنج /
_cعبدالرحمن محفوظ محمد
300 _a292 ص
490 _aالهيئة العامة للاستعلامات
_v0
650 0 4 _aالشطرنج
650 0 4 _aالالعاب الرياضية
650 0 4 _aالترفيه
650 0 4 _aالرياضة الذهنية
942 _2ddc
_cBK
999 _c49376
_d49376